000 00348nam a2200133Ia 4500
008 230917s9999||||xx |||||||||||||| ||und||
040 _e92751
_aMAIN
041 _aEnglish
082 _a617 S58R
100 _aSanjeev Kumar
245 0 _aRole of infection in causation of upper urinary tract stones in this region
300 _a72 p.
942 _cTH
999 _c54797
_d54797